Statistiques concernant Les Oiseaux - avec photos

Cliquez ici pour prendre le quiz!

Statistiques générales

  • Ce quiz a été pris 634 fois
  • Le résultat moyen est 13 sur 20

Statistiques - réponses

Réponse% Correct
Cygne
96%
Ara bleu
94%
Chouette effraie
94%
Flamant rose
87%
Colibri
86%
Rouge-gorge
86%
Corbeau
81%
Paon bleu
79%
Pigeon
77%
Cigogne blanche
75%
Hibou
72%
Mésange bleue
72%
Martin-pêcheur d'Europe
66%
Hirondelle rustique
57%
Mésange charbonnière
46%
Merle noir
44%
Faucon crécerelle
37%
Milan royal
25%
Pic épeiche
22%
Guêpier d'Europe
17%

Distribution des résultats

Percentile par nombre de réponses

% des personnes avec chaque résultat

Votre développement - résultats

Vous n’avez pas pris ce quiz